Zwycięzcy Mistrzostw Świata - nagła śmierć - Statystyki

Ogólne statystyki
  • Ten quiz został rozwiązany 92 razy
    34 od ostatniego zresetowania
  • Średni wynik to 8 z 9
Answers on the Grid
Answers color-coded by a green-red scale on the quiz's grid according to % correct below.
Hiszpania
Jugosławia
Stany Zjednoczone
Anglia
Rosja
Czechy
Holandia
Urugwaj
ZSRR
Włochy
Czechosłowacja
Meksyk
Brazylia
Węgry
Belgia
Kostaryka
Niemcy
Francja
Portugalia
Argentyna
Chile
Maroko
Australia
RFN
 
Statystyki odpowiedzi
Odpowiedź % Poprawnych
Hiszpania
100%
Argentyna
92%
Francja
92%
Niemcy
92%
Włochy
92%
Anglia
88%
Urugwaj
88%
Brazylia
84%
RFN
60%
Nie znaleziono quizów pasujących do podanych kryteriów
Rozkład punktacji
Procent ludzi z każdym wynikiem
Percentyl według liczby udzielonych odpowiedzi
Twoja historia wyników
Nie rozwiązałeś tego quizu od ostatniego zresetowania